| 000 | 02701nam0a2200397 4500 | ||
|---|---|---|---|
| 001 | RU\NLR\BIBL_A\022633917 | ||
| 005 | 20251214193959.0 | ||
| 010 |
_a978-5-9704-9258-1 _9500 |
||
| 035 | _a(NLR Aleph) 022633917 | ||
| 090 |
_a13497383 _c13497383 |
||
| 100 | _a20251001d2025 u y0rusy50 ca | ||
| 101 | 0 | _arus | |
| 102 | _aRU | ||
| 105 | _aa|||j|||001yy | ||
| 181 | 0 |
_ai3 _baxxe |
|
| 182 | 0 | _an | |
| 200 | 1 |
_aОбщая рецептура с характеристикой лекарственных форм _eучебное пособие для использования в образовательных учреждениях, реализующих основные профессиональные образовательные программы высшего образования по программам специалитета укрупненной группе специальностей, содержащих дисциплину "Фармакология" _f[Оковитый Сергей Владимирович, доктор медицинских наук, профессор, Селизарова Наталья Олеговна, кандидат медицинских наук, доцент, Напалкова Светлана Михайловна, доктор медицинских наук, профессор и др.] _gпод редакцией профессора С. В. Оковитого |
|
| 203 |
_aТекст _bвизуальный _cнепосредственный |
||
| 205 | _a2-е изд., перераб. и доп. | ||
| 210 |
_aМосква _cГЭОТАР-Медиа _d2025 |
||
| 215 |
_a167 с. _cил., табл. _d21 |
||
| 225 | 1 | _aУчебное пособие | |
| 300 | _aАвт. указаны на 6-й с. | ||
| 606 | 1 |
_aЛекарственные формы _jУчебные издания для высших учебных заведений _91298260 _3RU\NLR\AUTH\66219959 |
|
| 606 | 1 |
_aРецептура _jУчебные издания для высших учебных заведений _91121905 _3RU\NLR\AUTH\66124825 |
|
| 686 | 1 | _aР282.52я73 | |
| 686 | 1 | _aР282.9я73 | |
| 701 | 1 |
_aОковитый _bС. В. _gСергей Владимирович |
|
| 701 | 1 |
_aСелизарова _bН. О. _gНаталья Олеговна |
|
| 701 | 1 |
_aНапалкова _bС. М. _gСветлана Михайловна |
|
| 712 | 0 | 1 |
_4570 _aРоссийская Федерация _bМинистерство науки и высшего образования _9621458 _3RU\NLR\AUTH\880480400 |
| 942 | _cBOOK | ||
| 980 | _aNB | ||